| 000 | 00734cam a22002654a 4500 | ||
|---|---|---|---|
| 020 | _a9781416056430 | ||
| 020 | _a1416056432 | ||
| 040 | _cDLC | ||
| 082 | 0 | 0 | _a617 SUA 2010 A115 Or. |
| 245 | 0 | 0 | _aArthritis & arthroplasty. |
| 246 | 3 | _aArthritis and arthroplasty. | |
| 246 | 3 | 0 | _aSpine |
| 260 |
_aPhiladelphia : _bSaunders/Elsevier, _cc2010. |
||
| 300 |
_axix, 392 p. : _bill. (some col.) ; _c29 cm. + _e1 DVD-ROM (4 3/4 in.). |
||
| 490 | 1 | _aArthritis & arthroplasty series | |
| 650 | 0 | _aSpine | |
| 650 | 0 | _aArthritis | |
| 650 | 0 | _aArthroplasty. | |
| 650 | 1 | 2 | _aSpine |
| 650 | 2 | 2 | _aArthritis |
| 650 | 2 | 2 | _aArthroplasty, Replacement. |
| 700 | 1 | _aShen, Francis H. | |
| 700 | 1 | _aShaffrey, Christopher I. | |
| 942 | _cAEDBB | ||
| 999 |
_c17475 _d17475 |
||